Score 0/20 Timer 03:00
1 Play Today
Clue 5-Letter Word % Correct
Residents of Great BritainBRITS
93.4%
Attaches a worm to one's hookBAITS
87.9%
Masonry building block BRICK
87.8%
Large bird species and origami modelCRANE
87.2%
Turn an axle or to turn up the volumeCRANK
85.1%
✶Equine creature or, with [#1], a Native American war leader of the Oglala Lakota✶Δ HORSE Δ
83.6%
Mammalian methane emissionsFARTS
83.4%
✶Psychotic and insane or, with [#20], a Native American war leader of the Oglala Lakota✶Δ CRAZY Δ
82.5%
____ accomplis, things that have already occurredFAITS
80.4%
✶Defensive stongholds, such as Camp Robinson, where [#1][#20] was killed✶FORTS
80.2%
Clue 5-Letter Word % Correct
Trend or fashion of dubious longevityCRAZE
79.3%
Acronym of the five largest emerging global economiesBRICS
79.3%
Talent or specialtyFORTE
74.8%
Small streamBROOK
73.3%
Ash's friend on PokémonBROCK
71.7%
Blacksmith's workshopFORGE
65.1%
Rocky ravineGORGE
62.7%
✶Thief or General ____, US officer nicknamed 'Grey Wolf' whose troops [#1][#20] surrendered to✶CROOK
60.7%
Evergreen shrub, also known as furze or whinGORSE
58.8%
____ islands, Antarctic island groupCRONK
57.6%

Today's Daily Dose

Remove Ads.
Support Sporcle.
Get the best of Sporcle when you Go Orange. This ad-free experience offers more features, more stats, and more fun while also helping to support Sporcle. Thank you for becoming a member.

You're not logged in!

Compare scores with friends on all Sporcle quizzes.
OR
Log In

Show Comments

Extras

Top Quizzes Today


Score Distribution

Your Account Isn't Verified!

In order to create a playlist on Sporcle, you need to verify the email address you used during registration. Go to your Sporcle Settings to finish the process.

Report this User

Report this user for behavior that violates our Community Guidelines.

Details: